Mzdy a financie časopis pre ekonómov, podnikateľov, podniky a organizácie

Gespeichert in:
Bibliographische Detailangaben
Format: Schriftenreihe
Sprache:Slowakisch
Veröffentlicht: Bratislava EPOS 1997
Schlagworte:
Tags: Tag hinzufügen
Keine Tags, Fügen Sie das erste Tag hinzu!

MARC

LEADER 00000nas2a2200000 4500
001 s121812
005 20221220131052.7
022 |a 1335-4329 
041 0 |a slo 
044 |a SK 
245 1 0 |a Mzdy a financie  |b časopis pre ekonómov, podnikateľov, podniky a organizácie 
264 1 |a Bratislava  |b EPOS  |c 1997 
300 |a 3 zv. 
773 0 |w eu_un_cat*s120068 
610 2 0 |a mzdy 
610 2 0 |a financie